000 00531nam a2200193Ia 4500
005 20250508163501.0
008 008 250505s9999 xx 000 0 eng d
037 _aTextual
040 _aFEDL
_beng
_cFEDL
041 _aeng
_2eng
084 _a372, HER
_qFEDL
100 _aHerrick Virgil E.(et.al).
_9775433
245 0 _aElementary school
260 _aEnglewood Cliffs
_bPrentice-Hall
_c1965
300 _axiv,474p
650 _aElementary Education
942 _cTEXL
_h372, HER
999 _c1383595
_d1383595